|
|
|
|
| LEADER |
00000nam a2200000 a 4500 |
| 001 |
vtls001376716 |
| 003 |
SK-MaSNL |
| 005 |
20260301071045.0 |
| 008 |
251113s1963 hu aa r 00 00 ger |
| 015 |
|
|
|a SNBZSA1999-00416
|
| 035 |
|
|
|a SNK000330651
|
| 040 |
|
|
|a SNK
|b slo
|c SNK
|e AACR2
|
| 041 |
0 |
|
|a ger
|
| 044 |
|
|
|a HU
|
| 080 |
|
|
|a 940.1:902"04/06"=30
|2 1981
|
| 080 |
|
|
|a 902"04/06"=30
|2 1981
|
| 100 |
1 |
|
|a Párducz, Mihály
|4 aut
|9 388245
|
| 245 |
1 |
4 |
|a Die ethnischen Probleme der Hunnenzeit in Ungarn
|b mit 11 Abbildungen, 12 Tafeln und 3 Beilagen
|c Mihály Párducz
|
| 260 |
|
|
|a Budapest
|b Akadémiai Kiadó
|c 1963
|
| 300 |
|
|
|a 82 s.
|b obr.
|c 29 cm
|e 2 obr. príl.
|
| 490 |
1 |
|
|a Studia archeologica
|v 1
|
| 500 |
|
|
|a Rozlož. tit. strana
|
| 500 |
|
|
|a Prel. Amália Mozsolics
|
| 504 |
|
|
|a Bibliogr. odkazy. Topogr. reg.
|
| 650 |
0 |
7 |
|a nálezy archeologické
|z Karpatská kotlina
|y stor. 4.-7.
|x monografie
|2 SNK
|9 388246
|
| 650 |
0 |
7 |
|a Huni
|z Karpatská kotlina
|x nálezy archeologické
|y stor. 4.-7.
|2 SNK
|9 388247
|
| 651 |
|
7 |
|a Panónska panva
|2 SNK
|9 62620
|
| 655 |
|
7 |
|a príručky
|2 SNK
|9 74364
|
| 700 |
1 |
|
|a Mozsolics, Amália
|4 trl
|9 388248
|
| 830 |
|
0 |
|a Studia archeologica
|9 388249
|
| 958 |
|
|
|a ZS
|
| 958 |
|
|
|a TL
|
| 958 |
|
|
|a HU
|
| 958 |
|
|
|a OP
|
| 958 |
|
|
|a OND
|
| 999 |
|
|
|c 636449
|d 638379
|
| 952 |
|
|
|a SNK
|b SNK
|y PREZ
|7 0
|p 17A0194922
|o snkSB 19870
|i snkV 3630/73
|8 2
|0 0
|1 0
|4 0
|d 1999-11-30
|f 1
|l 0
|r 2025-03-25 00:00:00
|w 2026-02-23
|
| 952 |
|
|
|t P60, <04>, [BOOK], {604}
|a SNK
|b SNK
|y VYP
|7 0
|p 17A0194924
|o snkSB 19870 D1
|i snkV 1462/63
|8 2
|0 0
|1 0
|4 0
|d 1999-11-30
|l 0
|r 2005-01-02 00:00:00
|w 2026-02-23
|
| 952 |
|
|
|t P60, <04>, [BOOK], {604}
|a SNK
|b SNK
|y VYP
|7 0
|p 17A0214916
|o snkSB 19870 D2
|i snkV 1622/99
|8 2
|0 0
|1 0
|4 0
|d 1999-11-30
|l 0
|r 2005-01-02 00:00:00
|w 2026-02-23
|
| 952 |
|
|
|a SNK
|b SNK
|y PREZ
|7 0
|p 17A1022799
|o snkSB 19870 príl.
|i snkV 3630/73
|8 2
|3 Príloha: voľ. listy 3 ks.
|z Príloha: voľ. listy 3 ks.
|0 0
|1 0
|4 0
|d 2013-08-06
|l 0
|r 2025-03-25 00:00:00
|w 2026-02-23
|